Los códices de México. (Record no. 9063)
[ view plain ]
| 000 -CABECERA | |
|---|---|
| campo de control de longitud fija | 00870nam a2200241 a 4500 |
| 001 - NÚMERO DE CONTROL | |
| campo de control | BRL_250 |
| 005 - FECHA Y HORA DE LA ÚLTIMA TRANSACCIÓN | |
| campo de control | 20190320210644.0 |
| 008 - DATOS DE LONGITUD FIJA--INFORMACIÓN GENERAL | |
| campo de control de longitud fija | 080713s1979----mx-a######---#000-0#spa-# |
| 041 ## - CÓDIGO DE LENGUA | |
| Código de lengua del texto/banda sonora o título independiente | spa |
| 044 ## - CÓDIGO DEL PAÍS DE LA ENTIDAD EDITORA/PRODUCTORA | |
| Código MARC del país | mx |
| 050 #4 - SIGNATURA TOPOGRÁFICA DE LA BIBLIOTECA DEL CONGRESO | |
| Número de clasificación | F1219.5 |
| Número de documento/Ítem | .C63 1979 |
| 245 10 - MENCIÓN DE TÍTULO | |
| Título | Los códices de México. |
| 260 ## - PUBLICACIÓN, DISTRIBUCIÓN, ETC. | |
| Lugar de publicación, distribución, etc. | México |
| Nombre del editor, distribuidor, etc. | INAH : SEP |
| Fecha de publicación, distribución, etc. | 1979 |
| 300 ## - DESCRIPCIÓN FÍSICA | |
| Extensión | 142 p. |
| Otras características físicas | il. (algunas a color) |
| Dimensiones | 26 cm. |
| 500 ## - NOTA GENERAL | |
| Nota general | Catálogo de la exposición temporal realizada en el Museo Nacional de Antropología (Ciudad de México), 1979 |
| 500 ## - NOTA GENERAL | |
| Nota general | Au279 |
| 650 14 - PUNTO DE ACCESO ADICIONAL DE MATERIA--TÉRMINO DE MATERIA | |
| Término de materia o nombre geográfico como elemento de entrada | Indígenas de México |
| Subdivisión de forma | Exposiciones |
| Subdivisión general | Escritura |
| 9 (RLIN) | 23353 |
| 650 14 - PUNTO DE ACCESO ADICIONAL DE MATERIA--TÉRMINO DE MATERIA | |
| Término de materia o nombre geográfico como elemento de entrada | Manuscritos mexicanos |
| Subdivisión de forma | Exposiciones |
| Subdivisión geográfica | México (Ciudad) |
| 9 (RLIN) | 23354 |
| 710 2# - PUNTO DE ACCESO ADICIONAL--NOMBRE DE ENTIDAD CORPORATIVA | |
| Nombre de entidad corporativa o nombre de jurisdicción como elemento de entrada | Museo Nacional de Antropología (Ciudad de México) |
| 9 (RLIN) | 23355 |
| 710 2# - PUNTO DE ACCESO ADICIONAL--NOMBRE DE ENTIDAD CORPORATIVA | |
| Nombre de entidad corporativa o nombre de jurisdicción como elemento de entrada | Instituto Nacional de Antropología e Historia (Ciudad de México) |
| 9 (RLIN) | 23356 |
| 902 ## - CATALOGADOR | |
| Iniciales | GRL |
| 942 ## - ELEMENTOS DE PUNTO DE ACCESO ADICIONAL (KOHA) | |
| Fuente del sistema de clasificación o colocación | Library of Congress Classification |
| Tipo de ítem Koha | Libros |
| Estado de retiro | Estado de pérdida | Estado dañado | No para préstamo | Localización permanente | Ubicación/localización actual | Fecha de adquisición | Número de inventario | Total de préstamos | Signatura topográfica completa | Código de barras | Fecha visto por última vez | Precio válido a partir de | Tipo de ítem Koha |
|---|---|---|---|---|---|---|---|---|---|---|---|---|---|
| El ejemplar forma parte de la colección y puede ser consultado según las políticas vigentes. | Biblioteca Centro de Estudios Ruth D. Lechuga | Biblioteca Centro de Estudios Ruth D. Lechuga | 08/07/2013 | Au279 | F1219.5 .C63 1979 (Au279) | GRL00266 | 22/03/2019 | 22/03/2019 | Libros |